Problem solving C : (Record no. 102965)
[ view plain ]
| 000 -LEADER | |
|---|---|
| fixed length control field | 00461nam a2200157 a 4500 |
| 005 - DATE AND TIME OF LATEST TRANSACTION | |
| control field | 20140412111247.0 |
| 008 - FIXED-LENGTH DATA ELEMENTS--GENERAL INFORMATION | |
| fixed length control field | 010329s19uu xx 00 eng d |
| 050 ## - LIBRARY OF CONGRESS CALL NUMBER | |
| Classification number | TR(GS 510.76 |
| Item number | M66 1985 |
| 100 ## - MAIN ENTRY--PERSONAL NAME | |
| Personal name | Moore, Jo Ellen |
| 245 ## - TITLE STATEMENT | |
| Title | Problem solving C : |
| Remainder of title | reproducibles, level 3-4 / |
| Statement of responsibility, etc | Jo Ellen Moore & Joy Evans. |
| 260 ## - PUBLICATION, DISTRIBUTION, ETC. (IMPRINT) | |
| Place of publication, distribution, etc | [s.l.] : |
| Name of publisher, distributor, etc | Evan-Moor Corp, |
| Date of publication, distribution, etc | 1985. |
| 300 ## - PHYSICAL DESCRIPTION | |
| Extent | 32p. |
| 440 ## - SERIES STATEMENT/ADDED ENTRY--TITLE | |
| Title | Evan-Moor Math Series |
| 650 ## - SUBJECT ADDED ENTRY--TOPICAL TERM | |
| Topical term or geographic name as entry element | Mathematics |
| Withdrawn status | Lost status | Damaged status | Home library | Current library | Shelving location | Date acquired | Source of acquisition | Total Checkouts | Full call number | Barcode | Date last seen | Price effective from | Koha item type |
|---|---|---|---|---|---|---|---|---|---|---|---|---|---|
| Elizalde Library | Elizalde Library | Teachers Reference Section | 03/29/2001 | TR(GS 510.76 M66 1985 | E3428 | 04/12/2014 | 04/12/2014 | Books |